Gaelic Scottish town names 3 - Statistics

General Stats
  • This quiz has been taken 48 times
    47 since last reset
  • The average score is 7 of 20
Answer Stats
Gaelic name English name % Correct
Port Rìgh Portree
94%
An Tairbeart Tarbert
79%
Bucaidh Buckie
53%
Inbhir Ùraidh Inverurie
53%
Lannraig Lanark
53%
Inbhir Theòrsa Thurso
53%
Monadh Rois Montrose
44%
An Leargaidh Largs
41%
Obar Bhrothaig Arbroath
32%
Baile na h-Eaglais Kirkwall
32%
An Ruadh Ghleann Rutherglen
32%
Bealach Balloch
29%
An Aghaidh Mhòr Aviemore
26%
Na Pùballan Peebles
26%
Ceann a' Gheàrr-loch Garelochhead
24%
Baile Bhòid Rothesay
24%
Baile Chè Keith
18%
An t-Àrd Ruigh Airdrie
15%
Baile Dhùnlèibhe Livingston
12%
Cille Chuimein Fort Augustus
6%
No matching quizzes found
Score Distribution
Percent of People with Each Score
Percentile by Number Answered
Your Score History
You have not taken this quiz since the last reset